00682cam a2200229 a 4500001000800000005001700008008004100025010001700066020003100083040001800114041000800132080001700140082002400157100000700181101000800188245003600196504003000232906004500262942001200307999001700319952011600336377046820180112040839.0831215s1984 nyua b 001 0beng  a 83051330  a0500201951 (pbk.) :c$9.95 aDLCcDLCdDLC aeng a760.0924 WHI00a760.0924 WHIaB2191 a44 aART10aRembrandt /cChristopher White. aBibliography: p. 213-214. a7bcbccorignewd3eocipf19gy-gencatlg 2ddccBK c40171d40171 00102udc40708PËKGa002b002cPËKGd2018-01-12l0o760.0924 WHIp002-2994941r2018-01-12w2018-01-12yBK